[Event "AUTO-OPEN-821"]
[Site "http://www.queenalice.com/game.php?id=268354"]
[Date "2007.9.7"]
[Round "1"]
[White "krobelus"]
[Black "claudiocaire"]
[Result "0-1"]
[WhiteElo "1325"]
[BlackElo "1543"]

1. e4 e5 2. Nf3 Qf6 3. Nc3 Bc5 4. Bc4 g5 5. d3 h6 6. g4 Nc6 7. Nd5 Qd8 8. Bd2
Nf6 9. Bc3 Nxg4 10. h3 Nxf2 11. Qd2 Nxh1 12. O-O-O Ng3 13. Qg2 Na5 14. Qxg3 f6
15. Bxa5 b6 16. Bc3 c6 17. Nxf6+ Ke7 18. Qxe5+ Kf8 19. Nxd7+ Qxd7 20. Qxh8+ Ke7
21. Qg7+ Kd8 22. Qxd7+ Bxd7 23. Ne5 Bxh3 24. Nxc6+ Kc7 25. Bd5 Rf8 26. Rh1 Bg4
27. b3 Be3+ 28. Kb2 Rf2 29. Rxh6 Bd1 30. Nb4 g4 0-1

[Event "AUTO-OPEN-821"]
[Site "http://www.queenalice.com/game.php?id=268355"]
[Date "2007.9.7"]
[Round "1"]
[White "claudiocaire"]
[Black "krobelus"]
[Result "1-0"]
[WhiteElo "1549"]
[BlackElo "1348"]

1. e4 e5 2. Qh5 Nc6 3. Bc4 g6 4. Qf3 Nf6 5. g4 h6 6. d3 g5 7. Nc3 Nd4 8. Qd1 Bb4
9. a3 Bc5 10. b4 Bb6 11. Nd5 d6 12. Nxb6 cxb6 13. c3 b5 14. Ba2 Nc6 15. Nf3 Nxg4
16. d4 Qf6 17. h3 Nxf2 18. Kxf2 exd4 19. Kg2 dxc3 20. Qb3 c2 21. Qxc2 Qxa1 22.
Bb3 O-O 23. Bb2 Qxh1+ 24. Kxh1 Bxh3 25. Qc3 1-0

[Event "AUTO-OPEN-821"]
[Site "http://www.queenalice.com/game.php?id=268356"]
[Date "2007.9.7"]
[Round "1"]
[White "krobelus"]
[Black "cameleon"]
[Result "0-1"]
[WhiteElo "1272"]
[BlackElo "1736"]

1. e4 c5 2. Bc4 Nc6 3. Qf3 e6 4. Nh3 Nd4 5. Qd3 Nf6 6. c3 Nc6 7. f4 d5 8. exd5
exd5 9. Bb5 Be7 10. O-O O-O 11. Bxc6 bxc6 12. b4 Qb6 13. Ba3 cxb4+ 14. Kh1 Ba6
15. Qf3 bxa3 16. Re1 Qb2 17. Nxa3 Bxa3 0-1

[Event "AUTO-OPEN-821"]
[Site "http://www.queenalice.com/game.php?id=268358"]
[Date "2007.9.7"]
[Round "1"]
[White "krobelus"]
[Black "Gambit13"]
[Result "0-1"]
[WhiteElo "1194"]
[BlackElo "1802"]

1. e4 e5 2. Nf3 Nc6 3. Bc4 Nf6 4. Nc3 Bc5 5. h3 h6 6. d3 d6 7. Be3 Bxe3 8. fxe3
Na5 9. Qd2 Nxc4 10. dxc4 b6 11. Nd5 Nxe4 12. Qd1 Nf6 13. O-O Nxd5 14. Qxd5 Be6
15. Qe4 O-O 16. b3 f5 17. Qd3 e4 18. Qd4 exf3 19. Rxf3 Qf6 20. Qd3 Qxa1+ 21. Kh2
Qe5+ 22. Kh1 Qe4 0-1

[Event "AUTO-OPEN-821"]
[Site "http://www.queenalice.com/game.php?id=268359"]
[Date "2007.9.7"]
[Round "1"]
[White "Gambit13"]
[Black "krobelus"]
[Result "1-0"]
[WhiteElo "1804"]
[BlackElo "1192"]

1. c4 e5 2. Nc3 Nc6 3. g3 Nf6 4. Bg2 Bc5 5. e3 d5 6. Nge2 Bf5 7. O-O d4 8. Bxc6+
bxc6 9. Na4 Bb6 10. b3 d3 11. Nec3 g5 12. Qf3 Bd7 13. Ne4 Nxe4 14. Qxe4 f5 15.
Qxe5+ Qe7 16. Qxh8+ Qf8 17. Qxf8+ 1-0

[Event "Challenge"]
[Site "http://www.queenalice.com/game.php?id=268410"]
[Date "2007.9.7"]
[Round "-"]
[White "Richardlim"]
[Black "krobelus"]
[Result "1-0"]
[WhiteElo "1643"]
[BlackElo "1223"]

1. e4 e5 2. d4 exd4 3. Qxd4 Nc6 4. Qd1 Nf6 5. Nc3 Bc5 6. Qe2 O-O 7. Be3 Re8 8.
Bxc5 d5 9. O-O-O Nxe4 10. Nxe4 Rxe4 11. Qxe4 dxe4 12. Rxd8+ Nxd8 13. Nh3 Ne6 14.
Be3 1-0

[Event "Challenge"]
[Site "http://www.queenalice.com/game.php?id=268516"]
[Date "2007.9.8"]
[Round "-"]
[White "zerocool0"]
[Black "krobelus"]
[Result "0-1"]
[WhiteElo "1575"]
[BlackElo "1272"]

1. c4 e5 2. Nc3 Nc6 3. g3 Nf6 4. Nf3 Bc5 5. Nxe5 Nxe5 6. Bg2 Nfg4 7. e3 Qf6 8.
O-O d6 9. Nd5 Qh6 10. Nxc7+ Kd7 11. Nxa8 Qxh2# 0-1

[Event "Challenge"]
[Site "http://www.queenalice.com/game.php?id=268539"]
[Date "2007.9.8"]
[Round "-"]
[White "Frankone"]
[Black "krobelus"]
[Result "1-0"]
[WhiteElo "1406"]
[BlackElo "1236"]

1. e4 e5 2. Nf3 Nc6 3. Bb5 Bc5 4. c3 d6 5. d4 exd4 6. b4 Bb6 7. Bg5 f6 8. Nxd4
fxg5 9. Be2 Nxd4 10. cxd4 Nf6 11. Nc3 O-O 12. Bc4+ 1-0

[Event "Challenge"]
[Site "http://www.queenalice.com/game.php?id=268545"]
[Date "2007.9.8"]
[Round "-"]
[White "Caisso"]
[Black "krobelus"]
[Result "1-0"]
[WhiteElo "2108"]
[BlackElo "1325"]

1. e4 e5 2. Nf3 Nc6 3. Bc4 Nf6 4. Ng5 d5 5. exd5 Nxd5 6. Nxf7 Kxf7 7. Qf3+ Ke7
8. Bxd5 Nd4 9. Qe4 Qd6 10. c3 Bf5 11. Qh4+ Kd7 12. Be4 Be7 13. Bxf5+ Nxf5 14.
Qg4 g6 15. O-O Raf8 16. d4 exd4 17. cxd4 Kc8 18. Nc3 1-0